000 00656nam a2200229 i 4500
001 C2-0319903
003 PPAK
005 20180728115534.0
008 121202s2008 nyu |||| ||||| | eng d
020 _a9781594482915
040 _aPPAK
_beng
_cPPAK
_erda
082 0 4 _a650.14
_223
090 0 0 _a650.14
_bPIN
_dLCK
100 1 _aPink, Daniel H,
_eauthor
245 1 4 _aThe Adventures Of Johnny Bunko:
_bthe last career guide you'll ever need
264 1 _aNew York :
_bRiverhead Books ,
_c2008
300 _a1V (unpaged) ;
_c20 cm
336 _2rdacontent
_atext
337 _2rdamedia
_aunmediated
338 _2rdacarrier
_avolume
942 _ddc
_cB
999 _c120705
_d120705